[Event "Begrüßungsturnier Super Nova 5"]
[Site "Turnierstufe"]
[Date "2023.06.28"]
[Round "5"]
[White "Super Nova"]
[Black "Reflection II Glasgow III-S 1,7 GHz"]
[Result "1/2-1/2"]
[WhiteElo "1810"]
[BlackElo "2000"]
[EventDate "????.??.??"]
[PlyCount "155"]

{Mit dem Rücken zur Wand verteidigt sich die Super Nova umsichtig und wird mit
einem erneuten Remis belohnt - wieder begünstigt durch doch sehr ungenaues Spiel
des schnellen Mephisto. Am Ende bringt der kleine Novag das Remis sicher nach
Hause. Ällmählich verstärkt sich der Eindruck, dass das Kittinger-Programm im
Endspiel besser agiert als der rasende Oldie von 1983.} 1.d4 Nf6 2.c4 e6 3.Nf3 
d5 4.Nc3 c6 5.e3 Bd6 6.Bd3 Nbd7 7.e4 dxe4 8.Nxe4 Nxe4 9.Bxe4 O-O 10.O-O h6 
{Buchende.} 11.Bc2 {Buchende.} 11...Rb8 12.Be3 Nf6 13.Re1 Qc7 14.c5 Bf4 15.Qd3 
b6 16.Bxf4 Qxf4 17.cxb6 Rxb6 18.b3 Ba6 19.Qe3 Qd6 20.Qe5 Rd8 21.Qxd6 Rxd6 22.a3 
Nd5 23.Rad1 Nc3 24.Rd2 Nb5 25.Ra1 Kf8 26.b4 Rb8 27.Rd3 Rbd8 28.Rad1 Kg8 29.h3 
R6d7 30.a4 Nc7 31.R3d2 Nd5 {Schwarz hat sich eine gediegene Stellung erarbeitet
und ist im Vorteil.} 32.Ne5 Rd6 33.Nxc6 Rxc6 34.b5 Rc4 35.bxa6 Nc3 36.Ra1 Rdxd4 
37.Rxd4 Rxd4 38.Ra3 Nd5 39.Rd3 e5 40.Rxd4 exd4 {Prognosen über den Ausgang
dieses Endspiels wage ich nicht. Hashtables haben natürlich beide nicht, also
entscheidet die höhere Rechenleistung, das Endspielwissen - oder der Zufall.} 
41.Be4 Nf4 {Der Springer in Verbindung mit dem Freibauern schränkt die
Bewegungsfreiheit von Weiß komplett ein.} 42.Kf1 g6 43.Ke1 f5 44.Ba8 Kg7 45.Kd2 
Kf7 46.Bb7 g5 47.Bc6 Ke7 48.Bb7 Kd6 49.Bf3 Kc5 50.Bb7 Kb4 51.Bc6 Ka5 52.h4 {52.
Ld7 hätte das Spiel etwas verlängert. Super Nova will wohl nicht mehr ...} 
52...gxh4 53.g3 hxg3 54.fxg3 {... und hofft auf Fehler des Favoriten.} 54...Nh5 
55.Kd3 Nxg3 56.Bb7 Kb4 57.Kxd4 h5 {... und er macht Fehler.} 58.Ke3 h4 59.Kf4 
Kxa4 60.Kg5 Kb5 61.Kxh4 Ne4 62.Kh5 Kb6 63.Kg6 Ng3 64.Kg5 Ne2 65.Kxf5 {Super Nova
schafft tatsächlich das Remis.} 65...Nd4+ 66.Kf6 Nc6 67.Bxc6 {Hat die Kleine
tatsächlich das Wissen, dass es so ein Remis wird?} 67...Kxc6 68.Ke6 Kb5 69.Kd6 
Kxa6 70.Kc6 Ka5 71.Kc5 Ka4 72.Kc4 a5 73.Kc3 Ka3 74.Kc4 a4 75.Kc3 Ka2 76.Kc2 a3 
77.Kc1 Kb3 78.Kb1 {Super Nova macht am Schluss alles richtig. Remis.} 1/2-1/2

[Event "Begrüßungsturnier Super Nova 5"]
[Site "Turnierstufe"]
[Date "2023.06.29"]
[Round "6"]
[White "Reflection II Glasgow III-S 1,7 GHz"]
[Black "Super Nova"]
[Result "1/2-1/2"]
[WhiteElo "1995"]
[BlackElo "1815"]
[EventDate "????.??.??"]
[PlyCount "151"]

{Super Nova schafft es wieder, gegen seinen schnellen Gegner eine überlegene und
gewinnträchtige Stellung aufzubauen. Und erneut kann er die Früchte seiner
Aufbauarbeit nicht ernten, weil ihm einfach die Rechenpower fehlt. Unsere Oldies
haben - zum Glück für uns Menschen - nun einmal nicht die
Kombinationsfähigkeiten der Top-Engines. Der Favorit kann schließlich die Partie
ausgleichen und das Endspiel führt erneut zu einem Remis.} 1.e4 c6 2.d4 d5 
3.exd5 cxd5 {Buchende.} 4.Bd3 Nf6 5.c3 {Buchende.} 5...e6 6.Qc2 Bd6 7.Ne2 Nbd7 
8.O-O O-O 9.Re1 e5 10.f3 Qc7 11.h3 b6 12.g4 $2 {Was sind denn das für
Lockerungsübungen?} 12...Bb7 {Guter Zug, Schwarz steht bereits überlegen. Noch
stärker ist:} ( 12...e4 $1 13.fxe4 dxe4 14.Bb5 Bh2+ 15.Kf1 a6 16.Ba4 b5 17.Bb3 
Bb7 {...} ) 13.Nd2 h6 ( {Wieder geht:} 13...e4 $1 ) 14.Kg2 Rfe8 15.dxe5 Nxe5 
16.Bb5 $2 {Ein echter Fehler, den der kleine Novag aber nicht nachweisen kann.} 
16...Nc6 ( 16...Ng6 $1 {und z.B.} 17.Nb3 ( 17.Bxe8 Rxe8 18.Qa4 Bc5 19.Qd1 Ne4 
{...} ) 17...Nh4+ 18.Kf1 Nxf3 19.Nbd4 Nxe1 20.Kxe1 {...} ) 17.Nb3 {Mephisto kann
jetzt erst einmal durchatmen, die unmittelbare Gefahr ist vorbei.} 17...a6 
18.Bd3 Bg3 ( 18...d4 $1 {ist stark.} ) 19.Rd1 Nb4 20.Qd2 $2 {Weiß muss den
Springer schlagen.} 20...Nxd3 ( 20...Ne4 $3 {Gewinnt, aber die Komplikation sind
einfach für die Oldies nicht berechenbar. Mit Hilfe starker Engines kann der
geneigte Beobachter das selbst überprüfen.} ) 21.Nxg3 Nxc1 22.Raxc1 {Die Luft
ist raus und die Partie im Lot.} 22...Qc4 23.g5 $5 {Glasgow ist heute
aggressiv.} 23...hxg5 24.Qxg5 Nh7 25.Qg4 Rac8 26.Rd4 Qc7 27.Nf5 g6 28.Rd2 Nf6 
29.Qh4 Nh5 30.Kh1 Nf4 $5 {Vielleicht doch besser:} ( 30...Qd8 {oder 30 ... Sg7.} 
) 31.Rg1 Qe5 32.Nh6+ {Weiß sollte stattdessen den anderen Springer heranführen.} 
32...Kf8 33.Ng4 Qh5 34.Qxh5 Nxh5 35.h4 Nf4 36.Nf6 Re6 37.Nh7+ Kg7 38.Rg4 Re1+ 
39.Kh2 Nh5 40.Ng5 Rce8 41.Rg1 Rxg1 42.Kxg1 Nf4 43.Kh2 f6 44.Nh3 Re2+ 45.Rxe2 
Nxe2 {Wieder ist ein Endspiel entstanden, das für die beiden Oldies nicht leicht
zu führen ist.} 46.Nd4 Nc1 47.Ne6+ Kh6 48.Kg3 Nxa2 49.Nf2 f5 50.Nd3 a5 51.Ndf4 
a4 52.Nd8 Bc8 $5 {Gibt freiwillig den Bauern auf d5, mit der Absicht ...} 
53.Nxd5 b5 54.Nf7+ Kg7 55.Nd6 Bd7 56.Kf4 Nc1 57.Kg5 Nd3 {... sich freie Bahn am
Damenflügel zu schaffen?} 58.h5 gxh5 59.Nf6 Bc6 60.Nxf5+ Kf7 {Rest in je 1
Stunde.} 61.Nd4 Ba8 62.Nd7 Bb7 63.f4 Ke7 64.Ne5 Nxb2 65.Nxb5 {Das ist Remis.} 
65...Ba6 66.Na3 Ke6 67.c4 h4 68.Kxh4 Kd6 69.Kg5 Bb7 70.Kf6 Kc5 71.f5 Ba6 72.Ke7 
Nxc4 73.Nd7+ Kd5 74.f6 Nd6 75.f7 Nxf7 76.Kxf7 {und Remis.} 1/2-1/2

[Event "Begrüßungsturnier Super Nova 6"]
[Site "Turnierstufe"]
[Date "2023.07.01"]
[Round "1"]
[White "Super Nova"]
[Black "Super Mondial II"]
[Result "1-0"]
[WhiteElo "1820"]
[BlackElo "1957"]
[EventDate "????.??.??"]
[PlyCount "139"]

{Beide Oldies spielen die Tarrasch-Variante im Französischen recht weit aus der
BIbliothek und es zeigt sich wieder, dass ein Mikro diese Verteidigung nicht
wählen sollte. Die Super Nova lässt ihren Gegner nicht ins Spiel kommen. Ab dem
43. Zug kommt die Kleine taktisch zwar ein wenig aus dem Tritt, der Mephisto
kommt kurzzeitig doch noch ins Spiel, aber nach diesem Zwischenhoch nutzt der
Novag ein paar Ungenauigkeiten seines Gegners zu einen doch ungefährdeten Sieg.} 
1.e4 e6 2.d4 d5 3.Nd2 Nf6 4.e5 Nfd7 5.Bd3 c5 6.c3 Nc6 7.Ne2 cxd4 8.cxd4 Qb6 
9.Nf3 f6 10.exf6 Nxf6 11.O-O {Buchende.} 11...Bd6 {Buchende.} 12.Nc3 a6 13.Na4 
Qc7 14.Bg5 b5 15.Nc3 Ng4 $2 {Der kriegt ganz einfach einen Tritt.} 16.h3 Nf6 
17.Bxf6 gxf6 18.Re1 Ne7 19.Rc1 Qb8 $2 20.Nh4 Bh2+ $2 {Von einem geordneten
Spielaufbau ist beim Mephisto nichts zu sehen.} 21.Kh1 Bf4 22.Qh5+ Kd8 23.Rc2 
Ra7 24.Ne2 h6 25.Nxf4 ( 25.Qf7 $1 {ist der stärkste Zug, die Variante aber zu
langzügig für den Novag.} ) 25...Qxf4 26.Nf3 Rc7 27.g3 Qd6 28.Rxc7 Kxc7 29.Qf7 
Qd8 30.Qxf6 Rf8 31.Qe5+ Kb7 32.Kg2 Bd7 33.Qe2 Qa5 34.Ne5 Bc8 35.Bb1 ( {Besser:} 
35.Rc1 $1 ) 35...Nf5 36.Rd1 Ka8 37.Rd3 Qb6 38.Qd1 Qd6 39.Rc3 Bb7 40.Rc1 Qb4 
41.Nd7 Rd8 42.Nc5 $1 {Lässt zwei Bauern hängen ...} 42...Nxd4 43.Nd3 {Jetzt ist
der weiße Druck raus.} ( 43.Qg4 $1 {gewinnt. Droht Dg7. Deshalb z.B.:} 43...Rb8 
44.Nd3 Qa4 45.b3 Nxb3 46.axb3 Qxb3 47.Nc5 {...} ) 43...Qf8 44.Nc5 e5 45.Nxb7 
Kxb7 46.Rc3 Nc6 47.a4 b4 48.Rc1 Rd6 49.Ba2 Qd8 50.Rc5 d4 {Das Freibauern-Spiel
der Schröder-Programme.} 51.Qd2 d3 52.Bb3 e4 53.Qf4 Rd4 54.Qxh6 Rd6 55.Qh7+ Qd7 
56.Qxe4 Rd4 57.Qf3 d2 58.Bd1 Rd3 59.Qh5 Ka8 60.Rf5 Nd8 {Rest in je 1 Stunde.} 
61.Rf8 b3 62.a5 Qc6+ $4 63.Bf3 d1=Q 64.Bxc6+ Kb8 65.Qc5 $1 Kc8 66.Be4+ 
{Mattankündigung.} 66...Kd7 67.Bf5+ Ne6 68.Rf7+ Kd8 69.Qe7+ Kc8 70.Qc7# {Ein
interessantes Mattbild.} 1-0

[Event "Begrüßungsturnier Super Nova 6"]
[Site "Turnierstufe"]
[Date "2023.07.01"]
[Round "2"]
[White "Super Mondial II"]
[Black "Super Nova"]
[Result "1-0"]
[WhiteElo "1943"]
[BlackElo "1834"]
[EventDate "????.??.??"]
[PlyCount "109"]

{In der 2. Partie ist es die Super Nova, die von Anfang an in der Defensive ist,
eingeschnürt wird und sich nicht befreien kann. SuMo II spielt so, wie man es
von Ed-Schröder-Programmen gewohnt ist: Sich gesund aufbauen, auf den
erarbeiteten Freibauern setzen und gewinnen. Dieses Mal hat der kleine Novag
keinerlei Gegenchanchen.} 1.d4 {Buchende.} 1...g6 2.e4 Bg7 {Buchende beim Novag,
SuMo spielt wieder aus dem Buch:} 3.c3 {Erneut Buchende.} 3...d5 4.exd5 Qxd5 
5.Bf4 Qc6 $6 6.Nf3 Nf6 7.Ne5 Qe4+ 8.Be3 O-O 9.Nd2 Qd5 10.Ndf3 Ng4 11.Bc4 Nxe3 
12.Bxd5 Nxd1 13.Rxd1 e6 14.Be4 Re8 15.O-O Rd8 $6 {Nanu?} 16.Rfe1 f6 {Weiß hat
alle Figuren in Stellung gebracht, während sein Gegner noch an der Grundlinie
klebt.} 17.Nc4 {Was sonst.} 17...Nd7 18.Na5 Kh8 $6 19.b4 ( {Warum nicht
einfach:} 19.Nxb7 Bxb7 20.Bxb7 Rab8 21.Bc6 Rxb2 22.Rxe6 {...} ) 19...Rb8 20.c4 
e5 $5 {Mal wieder spekuliert und fragwürdig.} ( 20...Nb6 {ist angesagt.} ) 
21.dxe5 Re8 22.Bxb7 Bxb7 23.Rxd7 Bxf3 24.gxf3 Rxb4 25.e6 Ra4 26.Nc6 {So spielen
Schröder-Programme.} 26...Rxa2 27.Rd8 Rxd8 28.Nxd8 Bf8 29.e7 Bxe7 30.Rxe7 a5 
31.Nf7+ Kg8 32.Rxc7 h5 33.Ra7 a4 34.Nd6 Kh8 35.Kg2 f5 36.Ne8 Kg8 37.c5 Kf8 
38.Nc7 Rc2 {Was soll Super Nova sonst spielen!? Am besten aufgeben.} 39.Ne6+ 
Ke8 40.Rxa4 Ke7 41.Ra6 Rc4 42.f4 Rc3 43.f3 Rc2+ 44.Kg3 Kd7 45.Rd6+ Ke7 46.Rc6 
Rc1 47.Ng5 Rg1+ 48.Kh4 Rg2 49.h3 Rc2 50.Rxg6 Rxc5 51.Kxh5 Rc4 52.Ne6 Rc3 53.Nd4 
Kd7 54.Kg5 Rd3 55.Nxf5 {Jetzt kann man das Spiel wohl getrost beenden.} 1-0

[Event "Begrüßungsturnier Super Nova 6"]
[Site "Turnierstufe"]
[Date "2023.07.03"]
[Round "3"]
[White "Super Nova"]
[Black "Super Mondial II"]
[Result "1/2-1/2"]
[WhiteElo "1827"]
[BlackElo "1950"]
[EventDate "????.??.??"]
[PlyCount "129"]

{Partie Nr. 3 ist eine starke Vorstellung der kleinen Super Nova, die vergessen
lässt, dass der Gegner mehr als 100 Punkte stärker sein soll. Der Mephisto wird
locker überspielt und das Endspiel ist klar für Weiß gewonnen - wenn, ja wenn,
die Hardware mitspielen würde und der Novag tiefer rechnen könnte. So gelingt es
dem Schröder-Programm mit Mühe und Not, allerdings auch sehr geschickt, in den
Remishafen zu schppiern.} 1.c4 e5 2.Nc3 {Buchende.} 2...Nf6 3.Nf3 Nc6 4.d4 e4 
5.Ng5 h6 6.Ngxe4 Nxe4 7.Nxe4 Qh4 {Buchende.} 8.Nd2 Nxd4 9.e3 Nc6 10.Be2 Ne5 $5 
11.O-O Bb4 $5 12.a3 Bxd2 13.Qxd2 {Warum schlägt er nicht mit dem Läufer?} 
13...d6 14.Qd4 Qf6 15.f4 Ng4 16.Qe4+ Qe7 17.Qxe7+ Kxe7 18.e4 Nf6 19.Bf3 a5 
20.Be3 Be6 21.Rfd1 Rhe8 22.e5 {Jetzt gewinnt der Novag einen Bauern. Die
dynamischere Stellung und das starke Läuferpaar zahlen sich aus.} 22...Nd7 
23.exd6+ cxd6 24.Bd4 Kf8 25.Bxb7 Rab8 26.Bc6 Re7 {Nicht der beste.} ( 26...Rec8 
27.Bb5 {und weiter z.B.:} 27...Nc5 28.b4 Nb3 29.Rab1 Nxd4 30.Rxd4 axb4 31.Rxb4 
{...} ) 27.Re1 Nc5 28.Rad1 Rc7 29.Bb5 Nb3 30.Re4 d5 {Wieder nicht der beste
Zug.} ( 30...Rcb7 {...} ) 31.Be5 dxe4 32.Bxc7 Rc8 33.Rd8+ Rxd8 34.Bxd8 Nd2 $2 
35.c5 Nb3 {und zurück.} 36.c6 {Super Nova weiß auch, was ein Freibauer ist.} 
36...f5 37.Bb6 Ke7 38.c7 Bc8 39.Ba4 Nc1 40.g3 Nd3 41.b3 g5 42.fxg5 hxg5 43.Bxa5 
( {Stärker ist:} 43.h4 $1 gxh4 44.gxh4 ) 43...f4 44.h4 {(+1.94) Bange machen
gilt nicht. Mutig, die kleine Super Nova.} 44...gxh4 {(-0.65)} 45.gxh4 Kd6 
46.Bb5 ( {Sofort} 46.h5 $1 ) 46...Ne5 47.h5 Ng4 48.b4 f3 49.Bb6 e3 50.h6 $2 
{Schade.} ( {Diese von Hiarcs berechnete Variante ist natürlich Welten von den
Rechenmöglichkeiten unserer Oldies entfernt.} 50.a4 $1 Bf5 51.Bxe3 Nxe3 52.Kf2 
Nd1+ 53.Kxf3 Kxc7 54.a5 Bc2 55.h6 Bg6 56.Kf4 Nf2 57.Bc4 Nh3+ 58.Ke3 Ng5 59.Bd3 
Nf7 60.Bxg6 Nxh6 61.b5 Ng4+ 62.Kd4 {...} ) 50...e2 51.Bf2 Nxh6 {Schafft SuMo II
doch noch das Remis?} 52.Bg3+ Kd5 53.Kf2 Nf5 54.Bf4 Nh4 55.Bg5 Ng2 56.Bd2 Kd6 
57.a4 Bb7 58.c8=N+ Bxc8 59.Bxe2 fxe2 60.Kxg2 {Remis. Ungleichfarbige Läufer und
der weiße König ist weit weg.} 60...Bg4 {Rest in je 1 Stunde.} 61.a5 Bd7 62.a6 
Kc6 63.a7 Kb7 64.Kf2 Kxa7 65.Kxe2 1/2-1/2

[Event "Begrüßungsturnier Super Nova 6"]
[Site "Turnierstufe"]
[Date "2023.07.04"]
[Round "4"]
[White "Super Mondial II"]
[Black "Super Nova"]
[Result "1/2-1/2"]
[WhiteElo "1947"]
[BlackElo "1830"]
[EventDate "????.??.??"]
[PlyCount "99"]

{Wie in der vorherigen Partie war auch in diesem Spiel 4 mehr für die Super Nova
drin. Sie hätte gewinnen können und man kann sagen, dass der kleine Novag für
seine schwächliche Hardware-Ausstattung ein erstaunlich gutes Schach spielt -
auch im Endspiel. Super Nova muss sich vor dem SuMo II keineswegs verstecken.
Meiner Meinung nach ist das (End-) Spiel der kleinen SN stärker als das der
Novag-H8-Programmbrüder von Emerald/Ruby bis (ich lehne mich aus dem Fenster)
zur Citrine - weil sie mehr weiß. Die H8er punkten nur mit Geschwindigkeit.
Lediglich die Hashtable-Rechner Diamond I + II sowie Star Diamond sind ein
großer Schritt nach vorn. Ich bin der gleichen Meinung wie Thorsten Commander
McLane vom schnellen Raumkreuzer Orion 8, der sich ja mit Super Novae auskennen
muss ;-)): Dave Kittinger scheint bei den 'kleinen' 6301Y-Rechnern
programmtechnisch einiges ausprobiert zu haben. Schade, dass er offensichtlich
seine Erkenntnisse nicht auf Emerald und die Nachfolger übertragen hat.} 1.d4 
d5 2.c4 dxc4 3.Nf3 Nf6 4.e3 Bg4 5.Bxc4 e6 6.h3 Bh5 7.O-O Nbd7 8.Nc3 {Buchende.} 
8...Bd6 9.e4 e5 10.Be3 O-O 11.Be2 Re8 {Buchende.} 12.dxe5 Nxe5 13.Nxe5 Bxe2 
14.Qxe2 Bxe5 15.Rad1 Qc8 16.Bd4 Bxd4 17.Rxd4 Qe6 18.Rfd1 Qe7 19.Qb5 c5 20.Rd6 
Nxe4 21.Nxe4 Qxe4 22.Qxc5 Qa4 23.Rd7 Qxa2 24.Rxb7 a6 25.Rdd7 Re1+ 26.Kh2 Rae8 
$2 27.Qf5 ( {Das Fragezeichen hat Hiarcs da notiert und spuckt diese
Gewinnvariante aus:} 27.b3 $3 {Einziger Gewinnzug.} 27...Qb1 28.Qh5 g6 29.Qd5 
Qf5 30.Qxf7+ Qxf7 31.Rxf7 R1e6 32.Rg7+ Kh8 33.Rxh7+ Kg8 34.Rhg7+ Kh8 35.Rgd7 
Rf6 36.f3 Kg8 37.Kg3 a5 38.Ra7 Rb8 39.Rxa5 Rf7 40.Rxf7 Kxf7 41.Ra3 {... Die
Top-Engines sind mir unheimlich. :-))} ) 27...Rf8 28.b3 Qb1 29.Qxb1 Rxb1 30.Rd6 
{Schwarz ist beständig in der Defensive, aber es alles in der Remisbreite.} 
30...a5 31.Ra6 Rb2 32.f3 g6 33.Rxa5 Rd8 34.b4 Rd3 35.f4 Rd4 36.b5 Rxf4 37.b6 
{Jetzt hat Super Nova leichten Vorteil...} 37...Rff2 38.Kg3 Rxg2+ {... und baut
ihn aus.} 39.Kf3 Rgc2 40.Ra3 Rc6 41.Ra6 Rc3+ ( 41...Re6 $1 ) 42.Ke4 Rxh3 
43.Raa7 h5 $2 {Vergibt den Vorteil wieder.} 44.Rxf7 Rxb6 45.Rg7+ Kf8 46.Raf7+ 
Ke8 47.Re7+ Kf8 48.Ref7+ Ke8 49.Re7+ Kf8 50.Ref7+ {Remis 3x} 1/2-1/2

[Event "Begrüßungsturnier Super Nova 6"]
[Site "Turnierstufe"]
[Date "2023.07.06"]
[Round "5"]
[White "Super Nova"]
[Black "Super Mondial II"]
[Result "1-0"]
[WhiteElo "1833"]
[BlackElo "1944"]
[EventDate "????.??.??"]
[PlyCount "55"]

{Super Mondial II begeht mit einem dicken Fehler im 24. Zug Selbstmord. Man kann
vermuten, dass der Mesphisto in seiner Euphorie, einen weißen Bauern ergattert
zu haben, leichtsinnig geworden ist. Da lässt sich die kleine Super Nova nicht
lange bitten, nutzt die schwachen schwarzen Felder rund um den gegenerischen
König aus und setzt konsequent matt.} 1.e4 c5 2.Nf3 d6 3.d4 cxd4 4.Nxd4 Nf6 
5.Nc3 g6 6.Be3 Bg7 7.f3 a6 8.Qd2 Nbd7 {Buchende.} 9.Bc4 {Buchende.} 9...b5 
10.Bd5 $6 ( {Richtig:} 10.Bb3 ) 10...Nxd5 11.Nxd5 Bb7 12.O-O Ne5 13.Nb6 $2 
{Objektiv ein Fehler, weil die Dame einfach schlagen kann. Aber SuMo II erkennt
es nicht.} 13...Rb8 ( 13...Qxb6 14.b3 Qc7 15.a4 O-O 16.axb5 axb5 17.Nxb5 Qd7 
18.Rxa8 Rxa8 {usw. Und Weiß hat nichts.} ) 14.Nb3 Nc4 15.Nxc4 bxc4 16.Nd4 d5 
17.exd5 Bxd5 18.Rad1 O-O 19.Ne2 Be6 20.Qc1 Qa5 21.Nc3 Bxc3 22.bxc3 Qxa2 23.Bd4 
{Schwarz hat den Bauern, aber Weiß Mattdrohungen.} 23...Bf5 24.Rfe1 ( 
{Stärker:} 24.g4 $1 Bc8 25.Rfe1 {...} ) 24...e6 $4 {Ein Riesenbock, der die
Schwächen auf den schwarzen Feldern völlig ignoriert. Super Nova weiß sofort,
was zu tun ist:} 25.Bf6 {(+6.00) SN noch nicht das sechszügige Matt.} ( 25.Bf6 
Qxc2 26.Qh6 Qf2+ 27.Kxf2 Rb2+ 28.Ke3 Re2+ 29.Rxe2 Bd3 30.Qg7# ) 25...g5 
{(-0.37) Immer noch ahnungslos.} 26.Qxg5+ Bg6 27.Qh6 Qxc2 28.Qg7# 1-0

[Event "Begrüßungsturnier Super Nova 6"]
[Site "Turnierstufe"]
[Date "2023.07.08"]
[Round "6"]
[White "Super Mondial II"]
[Black "Super Nova"]
[Result "1/2-1/2"]
[WhiteElo "1931"]
[BlackElo "1846"]
[EventDate "????.??.??"]
[PlyCount "126"]

{In Partie Nr. 6 hat Super Nova als Schwarze den besseren Start, kann aber den
Druck auf seinen Gegner nicht aufrecht halten. Der Mephisto gleicht das
Mittelspiel aus und es wird alles abgeholzt, bis ein Doppelturmendspiel auf dem
Brett ist. Bis zum 58. Zug spielen beide fehlerlos, dann begeht SuMo II einen
Patzer, der aber ungestraft bleibt, weil der Novag-Mikro die Konsequenzen nicht
durchrechnen kann. So endet das Spiel mit einem Unentschieden nach dreifacher
Zugwiederholung.} 1.c4 c5 2.Nc3 Nc6 3.Nf3 Nf6 4.g3 {Buchende.} 4...e6 5.d3 d5 
6.Bg2 Be7 {Buchende.} 7.Bf4 Nh5 8.Bd2 d4 9.Nb5 a6 10.Na3 O-O ( {Alternativ:} 
10...e5 ) 11.O-O Nf6 12.Rc1 e5 13.Qb3 Qd6 14.e3 Ng4 {Nicht der beste Zug.} ( 
14...dxe3 15.Bxe3 Rd8 {... Hält den Druck aufrecht.} ) 15.exd4 cxd4 16.Rfe1 Bf5 
17.h3 Nf6 {Nun beginnt eine Abtauschorgie ...} 18.Qxb7 Bxd3 19.Ng5 Rab8 20.Qxa6 
Rxb2 21.c5 Qxc5 22.Rxc5 Bxa6 23.Rxc6 Rxd2 24.Rxe5 Bxa3 25.Rxa6 Rxa2 26.Rea5 h6 
27.Nf3 d3 28.Rxa3 d2 29.Nxd2 Rxd2 {... mit ausgeglichenem Spiel am Ende.} 
30.Bc6 Kh7 31.Kg2 Rfd8 32.Kf3 R8d4 33.R6a4 Rd6 34.Ke3 Rb2 35.Be4+ Nxe4 36.Rxe4 
Rdd2 37.f4 Kg6 38.Rea4 Rh2 39.Ra6+ f6 40.h4 Rbe2+ 41.Kd4 Rhf2 42.R6a5 Kf7 
43.Ra7+ Kg6 44.h5+ Kxh5 45.Rxg7 f5 46.Rga7 Rf1 47.Kc4 Kg4 48.R7a6 h5 49.Rg6+ 
Kh3 50.Rg5 h4 51.Rh5 Rc1+ 52.Kd3 Rce1 53.Kd4 Rd1+ 54.Kc5 Rc1+ 55.Kd5 Rd1+ 
56.Kc6 Rc2+ 57.Kb6 Rb1+ 58.Ka5 $2 ( 58.Ka6 {oder} ) ( 58.Ka7 {halten Remis.} ) 
58...Rc5+ ( {Die für Mikros zu lange Gewinnvariante lautet:} 58...Rb8 59.Rxh4+ 
Kg2 60.Rh5 Rd2 61.Rxf5 Rd7 62.Ka6 Ra8+ 63.Kb5 Rxa3 64.g4 Kf3 65.g5 Ke4 66.Re5+ 
Kxf4 {usw.} ) 59.Ka6 Rc6+ 60.Ka7 Rc7+ 61.Ka6 Rc6+ 62.Ka7 Rc7+ 63.Ka6 Rc6+ 
{Remis 3x} 1/2-1/2

[Event "Begrüßungsturnier Super Nova 6"]
[Site "Turnierstufe"]
[Date "2023.07.09"]
[Round "7"]
[White "Super Nova"]
[Black "Super Mondial II"]
[Result "0-1"]
[WhiteElo "1848"]
[BlackElo "1929"]
[EventDate "????.??.??"]
[PlyCount "92"]

{Dieses mal hat Super Nova einen Blackout. Sie laviert einmal zuviel mit ihrem
Springer und begegnet der folgenden Drohung des Mephisto mit dem falschen
Bauernzug. ERgebnis: Der Novag verliert entscheidend Material und kann
aufgeben.} 1.b3 d5 {Buchende.} 2.Bb2 {Buchende.} 2...Nf6 3.Nf3 e6 4.Nc3 d4 
5.Nb1 Bc5 6.e3 dxe3 7.fxe3 Nbd7 8.d4 Bb4+ 9.c3 Be7 10.Bd3 b6 11.O-O Bb7 12.c4 
c5 13.Nc3 Ng4 14.Qe2 Ndf6 15.Nd1 Qc7 16.Nc3 Qd8 17.Nb1 {Beide haben zurzeit
kleinen Plan, wie es weitergehen soll.} 17...Qc7 18.Na3 a6 19.Nc2 $2 ( 19.d5 $1 
{um den Läufer auf b2 zu aktivieren.} 19...Bd6 20.h3 {... und der Angriff
schlägt nicht durch. Das können die Oldies schwerlich berechnen.} ) 19...Bd6 
{Schwarz hat nun eine echte Drohung.} 20.h3 $2 ( 20.g3 $1 {begrenzt den
Schaden.} ) 20...Bh2+ {Richtig, nicht den Springer nach h2 stellen. Nun ist es
aus für Super Nova.} 21.Kh1 Nh5 22.hxg4 Ng3+ 23.Kxh2 Nxe2+ 24.Ne5 cxd4 25.exd4 
Nxd4 26.Bxd4 f6 {Weiterspielen! Man weiß nie, was noch passiert.} 27.Rfe1 fxe5 
28.Rxe5 O-O-O 29.Re1 Rxd4 30.Nxd4 Qd6 31.Nxe6 Qxd3 32.Nxg7 Qd2 33.R5e2 Qf4+ 
34.Kh3 Rd8 35.Nh5 Rd3+ 36.g3 Qf3 37.Kh4 Bc6 38.Re7 Rd2 39.Rxh7 Bd7 40.Rxd7 Kxd7 
41.Kg5 Rxa2 42.Nf6+ Kd6 43.b4 Re2 44.Rxe2 Qxe2 45.c5+ bxc5 46.bxc5+ Kxc5 {Hier
kann man das Spiel getrost beenden.} 0-1